000 00779nam a2200205 i 4500
001 151879
003 ES-MaACL
005 20250814013816.0
008 931025s1889 sp |||| | spa d
080 _a5
100 0 _aBenot, Eduardo.
_927763
245 1 0 _aEn el umbral de la ciencia
_b: temas varios /
_cpor Eduardo Benot.
260 _aMadrid :
_bLibrería de la Viuda de Hernando y cª,
_c1889.
300 _a480 p. ;
_c20 cm.
530 _aDisponible también en sitio web.
650 0 7 _aCiencias
_2embne
_910971
852 _aES-MaACL
_jZ-195
_xOlim: G-7089
_z-- Enc. pasta española
856 _uhttp://bibliotecadigitalhispanica.bne.es:80/webclient/DeliveryManager?pid=2688949&custom_att_2=simple_viewer
_zIr a la página
999 _c151879
_d151879